|
|
|
|
| LEADER |
01109nam a2200253 a 4500 |
| 001 |
31702950 |
| 003 |
BD-DhAAL |
| 008 |
090809s1994 enk 000 0 eng d |
| 999 |
|
|
|c 3387
|d 3387
|
| 020 |
|
|
|a 0140620494
|
| 040 |
|
|
|a FHR
|b fre
|c FHR
|d XY4
|d EQF
|d BD-DhAAL
|
| 082 |
0 |
0 |
|a 823/.8
|2 20
|
| 100 |
1 |
|
|a Kipling, Rudyard,
|d 1865-1936.
|9 45494
|
| 245 |
1 |
0 |
|a Kim /
|c Rudyard Kipling.
|
| 260 |
|
|
|a London :
|b Penguin Books,
|c 1994.
|
| 300 |
|
|
|a 383 pages ;
|c 18 cm.
|
| 490 |
0 |
|
|a Penguin popular classics.
|
| 520 |
|
|
|a A British orphan disguised as a Hindu combines forces with the dashing horsetrader Red Beard to thwart enemy forces rising against England in 19th century India.
|
| 541 |
1 |
|
|e 00014132
|
| 651 |
|
0 |
|a India
|x History
|y 19th century
|v Fiction.
|9 45495
|
| 655 |
|
7 |
|a Adventure stories.
|2 gsafd
|9 45496
|
| 852 |
4 |
|
|a Ayesha Abed Library
|j General Shelf.
|
| 942 |
|
|
|2 ddc
|c BK
|
| 952 |
|
|
|0 0
|1 0
|2 ddc
|4 0
|6 823_800000000000000_KIP
|7 0
|9 3075
|a BRACUL
|b BRACUL
|c GEN
|d 2009-08-31
|g 165.00
|l 12
|m 53
|o 823.8 KIP
|p 3010014132
|q 2026-06-02
|r 2026-04-12
|s 2026-04-12
|t 1
|v 330.00
|w 2009-08-31
|y BK
|x Price available in register book.
|